00685nam a2200229 a 4500001001300000003000900013005001700022008004100039020001000080082002000090245004600110260003300156300000900189500003500198505001000233650002000243710003900263902000800302942000700310952012100317999001700438nice12345678IN_TiNIC20260116014239.0050524s2001 daca grp 000 0 eng  ac45000a327.172082bASI aSinging in the Dark Times, Women Remember aDaccabAsiatic Socirtyc2001 a448p aincludes index and biblioraphy2 aIndex aWomen and Peace2 aAsian Women`s Human Rights Council bSRS cBK 001040708StackRoom-aHMIbHMId2007-04-19g450.00l0o327.172082 ASIp020410r2007-04-19v450.00w2005-05-24yBK c14498d14498